000 00992nas a2200301 4500
001 BR2012005234
003 BR-BrBNA
005 20231205120846.0
007 ta
008 230509b bl.|||p| |||| 00| 00por d
040 _aBR-BrBNA
_bpor
_cBiblioteca Nacional de Agricultura
041 _a(En)
072 _aH10; P10
100 1 _aSouza, J.P. de
100 1 _aMedeiros, L. de S.
100 1 _aWinkaler, E.U.
100 1 _aMachado-Neto, J.G.
245 1 _aAcute toxicity and environmental risk of diflubenzuron to Daphnia magna, Peocilia reticulata and Lemna minor in the absence and presence of sediment
650 _aPEIXE
650 _aPISCICULTURA
650 _aPARASITO
650 _aCONTAMINAÇÃO
650 _aQUALIDADE DA ÁGUA
650 _aINSETICIDA
773 0 _tPesticidas. Revista de Ecotoxicologia e Meio Ambiente (Brazil)
_xISSN 0103-7277
_g(Jan-Dec 2011), v. 21 p. 1-12
_wBR2012005234
909 _a202311
_bLúcia
_c55
_dLúcia Elande
942 _2AGRIS
_n0
_cANA
999 _c220675
_d220675